Analytická geometrie lineárních útvarů

Bibliographic Details
Main Author: Kraener, Emil (Author)
Format: Book
Language:Undetermined
PhysicalDescription:239 s.
Published: Praha ČSAV 1956

MARC

LEADER 00000nam a2200000 a 4500
001 vtls001306376
003 SK-MaSNL
005 20260301005004.0
008 240314s1956 xx 0 und
035 |a SNK000258627 
040 |a SNK  |b slo  |c SNK  |e AACR2 
100 1 |a Kraener, Emil  |4 aut  |9 288620 
245 1 0 |a Analytická geometrie lineárních útvarů 
260 |a Praha  |b ČSAV  |c 1956 
300 |a 239 s. 
999 |c 543875  |d 545805 
952 |t P60, <04>, [BOOK], {604}  |a SNK  |b SNK  |y VYP  |7 0  |p 17A0102330  |o snkID 16503  |0 0  |1 0  |4 0  |d 1997-10-14  |l 0  |r 2005-01-02 00:00:00  |w 2026-02-23 
952 |a SNK  |b SNK  |y NEVYP  |7 0  |p 17A0606986  |o snkID 16503 D1  |i snkKIP 770/57  |0 0  |1 1  |4 0  |d 2009-01-31  |l 0  |r 2026-02-23 12:48:15  |w 2026-02-23